Atómová fyzika
Uložené v:
| Hlavný autor: | |
|---|---|
| Médium: | Článok |
| Tagy: |
Žiadne tagy, Buďte prvý, kto otaguje tento záznam!
|
MARC
| LEADER | 00000naa a22000003a 4500 | ||
|---|---|---|---|
| 001 | stu156058 | ||
| 005 | 20150617230011.5 | ||
| 008 | 080128s--------------------------------d | ||
| 040 | |a STU |b slo | ||
| 041 | 0 | ||
| 100 | 1 | |a Marrus, R. |4 aut | |
| 245 | 1 | |a Atómová fyzika | |
| 773 | 0 | |g , s.316-353 | |
| 996 | |b 284M067161 |c M*P-2 |l MMKN |s A |a 24 |w stu156058_0001 | ||